000 00332nam a2200121Ia 4500
008 250110s9999 xx 000 0 und d
041 _aeng
100 _aDandage Shruti
245 _aLoving Hands Pet Care Centre
260 _bFinal Year B. Arch, BNCA
_c2014
300 _a106p
700 _aGuide Name:Gokhale Vasudha
_9210225
999 _c363417
_d363417